| 000 | 00691nam a2200217 a 4500 | ||
|---|---|---|---|
| 003 | PILC | ||
| 005 | 20160205143406.0 | ||
| 008 | 091109s19uu xx 00 eng d | ||
| 020 | _a978422103296 | ||
| 050 |
_aBF 637.C4 _b.G37 2006 |
||
| 100 | _aGardner, Howard. | ||
| 245 |
_aChanging minds : _bthe art and science of changing our own and other people's minds / _cHoward Gardner. |
||
| 260 |
_aBoston : _bHarvard Business School Press, _c2006. |
||
| 300 |
_a244 pages ; _c20 cm. |
||
| 500 | _aIncludes appendices and indexes. | ||
| 650 | _aChange (Psychology]. | ||
| 650 | _aPersuasion (Psychology). | ||
| 650 | _aInfluence (Psychology). | ||
| 942 |
_cBK _2lcc _kFOR |
||
| 999 |
_c23601 _d23601 |
||